Elenca la formazione - Quiz n°226 - Statistics

Statistiche generali
  • Questo quiz è stato fatto 46 volte
  • Il punteggio medio è 7 su 11
Statistiche sulle risposte
Ruolo Club dell'epoca Calciatore % Corretto
Attaccante Manchester City Raheem Sterling
97%
Attaccante Tottenham Harry Kane
94%
Portiere Manchester City Joe Hart
92%
Difensore Tottenham Kyle Walker
69%
Difensore Chelsea Gary Cahill
64%
Difensore Manchester United Chris Smalling
58%
Centrocampista Manchester United Wayne Rooney
47%
Centrocampista Tottenham Eric Dier
44%
Difensore Tottenahm Danny Rose
42%
Centrocampista Tottenham Deli Alli
42%
Attaccante Liverpool Adam Lallana
25%
Nessun quiz corrispondente trovato
Distribuzione punteggi
Percentuale di utenti per punteggio
Percentile per numero di risposta
I tuoi punteggi nel tempo
Non hai fatto questo quiz